000 00324nam a22001337a 4500
008 171206b xxu||||| |||| 00| 0 eng d
020 _a070665311
041 _aeng
080 _a621
100 _a27
101 _aIM
245 _aDIGITAL CONCEPTS USING STANDARS INTEEGRATE CIRCUITS
_cSANDIGE.R.S
942 _2udc
_cBK
999 _c38797
_d38797